书目信息 |
| 题名: |
最新C语言程序设计
|
|
| 作者: | 徐德民 编著 | |
| 分册: | ||
| 出版信息: | 北京 电子工业出版社 1990.8 |
|
| 页数: | 255页 | |
| 开本: | 26厘米 | |
| 丛书名: | 微计算机丛书 | |
| 单 册: | ||
| 中图分类: | TP311.11 | |
| 科图分类: | ||
| 主题词: | C语言-程序设计 , 程序设计-C语言 | |
| 电子资源: | ||
| ISBN: | 7-5053-1025-9 | |
| 000 | 00749nam 2200253 45 | |
| 001 | 0190008688 | |
| 005 | 20061122145815.92 | |
| 010 | @a7-5053-1025-9@dCNY7.80 | |
| 100 | @a19901220d1990 km y0chiy0121 ea | |
| 101 | 0 | @achi |
| 102 | @aCN@b110000 | |
| 105 | @ay z 000yy | |
| 200 | 10 | @a最新C语言程序设计@AZUI XIN C YU YAN CHENG XU SHE JI@f徐德民编著@FXU DE MIN BIAN ZHU |
| 210 | @a北京@c电子工业出版社@d1990.8 | |
| 215 | @a255页@d26厘米 | |
| 225 | 2 | @a微计算机丛书 |
| 410 | 0 | @120010@a微计算机丛书 |
| 540 | 1 | @aC语言 程序设计@AC YU YAN CHENG XU SHE JI |
| 606 | @aC语言-程序设计 | |
| 606 | @a程序设计-C语言 | |
| 690 | @aTP311.11@v3 | |
| 701 | 0 | @a徐德民@AXU DE MIN@4编著 |
| 801 | 0 | @aCN@bTSSF@c20061122 |
| 905 | @a10447@dTP311.11@e180 | |
| 最新C语言程序设计/徐德民编著.-北京:电子工业出版社,1990.8 |
| 255页;26厘米.-(微计算机丛书) |
| ISBN 7-5053-1025-9:CNY7.80 |
| ● |
| 相关链接 |
|
|
|
|
正题名:最新C语言程序设计
索取号:TP311.11/180
 
预约/预借
| 序号 | 登录号 | 条形码 | 馆藏地/架位号 | 状态 | 备注 |
| 1 | 0258903 | 001337645 | 第二样本阅览室/ [索取号:TP311.11/180] | 在馆 |